El niño víctima y testigo del delito dentro del sistema penal acusatorio en México /

Contenido: 1. Derecho de acceso a la justicia de las niñas y los niños en el marco de derecho internacional; 2. Fundamentos del trato diferenciado como derecho del niño dentro del sistema de justicia penal; 3. El sistema penal acusatorio a la luz de los derechos de la infancia; 4. Propuesta de texto...

Popoln opis

Shranjeno v:
Bibliografske podrobnosti
Glavni avtor: Franco Martínez del Campo, María Elisa (autor)
Drugi avtorji: Griesbach Guizar, Margarita (autor) (autor), Rojas Pruneda, Alejandro (autor) (autor)
Format: Knjiga
Jezik:španščina
Izdano: México : Instituto Nacional de Ciencias Penales : Oficina de Defensoría de los Derechos de la Infancia, 2011, c2011
Serija:(La Infancia y la Justicia en México ; 1)
Teme:
Oznake: Označite
Brez oznak, prvi označite!

MARC

LEADER 00000nam^a2200000^a^4500
001 000323223
005 20251210192900.0
009 20260310113632.496
020 |a 978-607-7882-43-5 
037 |a Acervo ITESO - Biblioteca 
041 |a ESP 
082 |a 364. 150972  |b INF V. 1 
100 |a Franco Martínez del Campo, María Elisa  |e (autor) 
245 1 3 |a El niño víctima y testigo del delito dentro del sistema penal acusatorio en México /  |c E. Franco Martínez del Campo, M. Griesbach Guizar, A. Rojas Pruneda. 
264 4 |a México :  |b Instituto Nacional de Ciencias Penales :  |b Oficina de Defensoría de los Derechos de la Infancia,  |c 2011, c2011 
300 |a 162 p. 
336 |a texto  |b txt  |2 rdacontenido 
337 |a sin mediación  |b n  |2 rdamedio 
338 |a volumen  |b nc  |2 rdasoporte 
440 4 |a (La Infancia y la Justicia en México ;  |v 1) 
520 |a Contenido: 1. Derecho de acceso a la justicia de las niñas y los niños en el marco de derecho internacional; 2. Fundamentos del trato diferenciado como derecho del niño dentro del sistema de justicia penal; 3. El sistema penal acusatorio a la luz de los derechos de la infancia; 4. Propuesta de texto para la adecuación procesal en favor del niño víctima o testigo del delito. 
649 |a XX 
650 |a Niños -  |z México -  |x Condiciones Jurídicas -  |x Tema Principal 
650 |a Víctimas -  |z México -  |x Condiciones Jurídicas -  |x Tema Principal 
650 |a Acusaciones -  |z México 
650 |a Derechos Humanos -  |z México 
650 |a Victimología -  |z México -  |x Tema Principal 
650 |a Justicia e Injusticia -  |z México 
650 |a Proceso Penal -  |z México 
650 |a Derecho Procesal Penal -  |z México 
650 |a Derecho Penal -  |z México 
650 |a Derecho Público -  |z México 
700 |a Griesbach Guizar, Margarita  |e (autor) 
700 |a Rojas Pruneda, Alejandro  |e (autor) 
910 |a Fondo General 
920 |a Impresos - Libros 
930 |a Colección General 
905 |a 101 
901 |a 0500210790  |b IT1  |c ACC  |i D58509  |u 20250521 
902 |a https://opac.biblio.iteso.mx/vufind/Record/000323223